• 首页
  • 本馆介绍
  • 公告通知
  • 最新文献
  • 馆藏检索
  • 电子资源
  • 读者导购
  • 参考咨询
  • 我的图书馆
  • 登录
  • 详细信息显示
  • 放入我的书架
  • 预约/预借图书
  • 作者相关作品
  • 分类相关作品
  • 丛书相关作品
  • 出版社相关作品

书目信息

  • 表格格式
  • 工作单格式
  • 卡片格式
题名:
朝鲜风味小菜
    
 
作者: 红月 编著
分册:  
出版信息: 北京   金盾出版社  1993.8
页数: 74页
开本: 19cm
丛书名:
单 册:
中图分类: TS972.1
科图分类: 85.931
主题词: 菜谱--朝鲜
电子资源:
ISBN: 7-80022-711-1
000 00584nam0 2200205 450
001 2346743918
005 20231224130004.27
010    @a7-80022-711-1@dCNY 4.50
035    @a(BTLT)0000402596
100    @a20021005e19941993em y0chiy0120 ea
200 1  @a朝鲜风味小菜@Achao xian feng wei xiao cai@b专著@f红 月等编著
210    @a北京@c金盾出版社@d1993.8@h1994重印
215    @a74页@c彩照@d19cm
540 1  @a小菜@Axiao cai
606 0  @a菜谱@y朝鲜
690    @aTS972.1@v5
692    @a85.931
701  0 @a红月@Ahong yue@4编著
801  2 @aCN@b辽宁北配@c20231205
905    @aBZT@dTS972.1@e282
    
    朝鲜风味小菜/红 月等编著.-北京:金盾出版社,1993.8(1994重印)
    74页:彩照;19cm
    
    
    ISBN 7-80022-711-1:CNY 4.50
    
●
相关链接 在五车中查询图书 在当当中查询图书 在豆瓣中查询图书


正题名:朝鲜风味小菜     索取号:TS972.1/282         预约/预借

序号 登录号 条形码 馆藏地/架位号 状态 备注
1 2001694043   2001694043   辽三/辽宁北配(第三批)/3824/ [索取号:TS972.1/282] 在馆    
2 2001694044   2001694044   辽三/辽宁北配(第三批)/3824/ [索取号:TS972.1/282] 在馆    
3 2001694045   2001694045   辽三/辽宁北配(第三批)/3824/ [索取号:TS972.1/282] 在馆    
4 2001694046   2001694046   辽三/辽宁北配(第三批)/3824/ [索取号:TS972.1/282] 在馆    
5 2001694047   2001694047   辽三/辽宁北配(第三批)/3824/ [索取号:TS972.1/282] 在馆    
6 2001694048   2001694048   辽三/辽宁北配(第三批)/3824/ [索取号:TS972.1/282] 在馆    
7 2001694049   2001694049   辽三/辽宁北配(第三批)/3824/ [索取号:TS972.1/282] 在馆    
8 2001694050   2001694050   辽三/辽宁北配(第三批)/3824/ [索取号:TS972.1/282] 在馆    
9 2001694051   2001694051   辽三/辽宁北配(第三批)/3824/ [索取号:TS972.1/282] 在馆    
10 2001694052   2001694052   辽三/辽宁北配(第三批)/3824/ [索取号:TS972.1/282] 在馆    
11 2001694053   2001694053   辽三/辽宁北配(第三批)/3824/ [索取号:TS972.1/282] 在馆    
12 2001694054   2001694054   辽三/辽宁北配(第三批)/3824/ [索取号:TS972.1/282] 在馆    
13 2001694055   2001694055   辽三/辽宁北配(第三批)/3824/ [索取号:TS972.1/282] 在馆    
14 2001694056   2001694056   辽三/辽宁北配(第三批)/3824/ [索取号:TS972.1/282] 在馆    
15 2001694057   2001694057   辽三/辽宁北配(第三批)/3824/ [索取号:TS972.1/282] 在馆    
16 2001694058   2001694058   辽三/辽宁北配(第三批)/3824/ [索取号:TS972.1/282] 在馆    
17 2001694059   2001694059   辽三/辽宁北配(第三批)/3824/ [索取号:TS972.1/282] 在馆    
18 2001694060   2001694060   辽三/辽宁北配(第三批)/3824/ [索取号:TS972.1/282] 在馆    
19 2001694061   2001694061   辽三/辽宁北配(第三批)/3824/ [索取号:TS972.1/282] 在馆    
20 2001694062   2001694062   辽三/辽宁北配(第三批)/3824/ [索取号:TS972.1/282] 在馆    
21 2001694063   2001694063   辽三/辽宁北配(第三批)/3824/ [索取号:TS972.1/282] 在馆    
22 2001694064   2001694064   辽三/辽宁北配(第三批)/3824/ [索取号:TS972.1/282] 在馆    
23 2001694065   2001694065   辽三/辽宁北配(第三批)/3824/ [索取号:TS972.1/282] 在馆    
24 2001694066   2001694066   辽三/辽宁北配(第三批)/3824/ [索取号:TS972.1/282] 在馆    
25 2001694067   2001694067   辽三/辽宁北配(第三批)/3824/ [索取号:TS972.1/282] 在馆    
山东省滨州职业学院图书馆 欢迎您!
大连网信软件有限公司© 版权所有